<?xml version="1.0" encoding="UTF-8"?>
<marc:record xmlns:marc="http://www.loc.gov/MARC21/slim">
   <marc:leader>00000nam a2200000 a 4500</marc:leader>
   <marc:datafield ind1="1" ind2=" " tag="100">
      <marc:subfield code="a">Boehme, Julia</marc:subfield>
      <marc:subfield code="4">aut</marc:subfield>
      <marc:subfield code="e">Verfasser/-in</marc:subfield>
   </marc:datafield>
   <marc:datafield ind1="0" ind2="0" tag="245">
      <marc:subfield code="a">Conni und der zauberhafte Schulzirkus</marc:subfield>
   </marc:datafield>
   <marc:datafield ind1=" " ind2="1" tag="264">
      <marc:subfield code="b">Carlsen Verlag GmbH</marc:subfield>
      <marc:subfield code="c">2021</marc:subfield>
   </marc:datafield>
   <marc:datafield ind1="1" ind2=" " tag="490">
      <marc:subfield code="a">Conni</marc:subfield>
   </marc:datafield>
   <marc:datafield ind1="1" ind2=" " tag="520">
      <marc:subfield code="a">Für das Schulfest plant Connis Klasse einen Kinderzirkus. Mit lauter tollen Kunststücken. Conni übt dafür schon eifrig Einradfahren. Alles läuft prima und sie können sogar mit echten Artisten trainieren. Nur die eifersüchtige Stella aus der Parallelklasse macht Conni das Leben schwer. Als bei der Generalprobe auch noch einiges schief geht, haben Conni und ihre Freunde richtig Lampenfieber. Aber dann heißt es: Manege frei!</marc:subfield>
   </marc:datafield>
   <marc:datafield ind1=" " ind2=" " tag="020">
      <marc:subfield code="a">9783551556271</marc:subfield>
      <marc:subfield code="9">9783551556271</marc:subfield>
   </marc:datafield>
</marc:record>
